书目信息 |
| 题名: |
食品添加剂知多少
|
|
| 作者: | 彭珊珊 编著 | |
| 分册: | ||
| 出版信息: | 北京 中国轻工业出版社 2006.06 |
|
| 页数: | 212页 | |
| 开本: | 21cm | |
| 丛书名: | 食品安全与营养健康科普系列 | |
| 单 册: | ||
| 中图分类: | TS202.3 | |
| 科图分类: | ||
| 主题词: | 食品添加剂--shi pin tian jia ji--问答 | |
| 电子资源: | ||
| ISBN: | 7-5019-5314-7 | |
| 000 | 00943nam 2200241 450 | |
| 001 | 012006656390 | |
| 005 | 20061129154238.85 | |
| 010 | @a7-5019-5314-7@dCNY12.80 | |
| 100 | @a20061104d2006 km y0chiy0120 ea | |
| 101 | 0 | @achi |
| 102 | @aCN@b110000 | |
| 105 | @ay z 000yy | |
| 200 | 1 | @a食品添加剂知多少@Ashi pin tian jia ji zhi duo shao@f彭珊珊编著@Fpeng shan shan bian zhu |
| 210 | @a北京@c中国轻工业出版社@d2006.06 | |
| 215 | @a212页@d21cm | |
| 225 | 2 | @a食品安全与营养健康科普系列@Ashi pin an quan yu ying yang jian kang ke pu xi lie |
| 330 | @a为了引导消费者正确认识食品添加剂,帮助消费者在购买食品时认清食品添加剂的优劣,我们策划了这本书。本书采用问答的形式,把读者关心的问题进行细分,便于阅读查找。 | |
| 410 | 0 | @12001 @a食品安全与营养健康科普系列 |
| 606 | 0 | @a食品添加剂@Ashi pin tian jia ji@j问答 |
| 690 | @aTS202.3@v4 | |
| 701 | 0 | @a彭珊珊@Apeng shan shan@4编著 |
| 801 | 0 | @aCN@c20061129 |
| 905 | @apdsgxy@dTS202.3@eP556 | |
| 食品添加剂知多少/彭珊珊编著.-北京:中国轻工业出版社,2006.06 |
| 212页;21cm.-(食品安全与营养健康科普系列) |
| ISBN 7-5019-5314-7:CNY12.80 |
| 为了引导消费者正确认识食品添加剂,帮助消费者在购买食品时认清食品添加剂的优劣,我们策划了这本书。本书采用问答的形式,把读者关心的问题进行细分,便于阅读查找。 |
| ● |
| 相关链接 |
|
|
|
正题名:食品添加剂知多少
索取号:TS202.3/P556
 
预约/预借
| 序号 | 登录号 | 条形码 | 馆藏地/架位号 | 状态 | 备注 |
| 1 | 226082 | 202260828 | 自科二线504/110考试书库 1排3列5层/ [索取号:TS202.3/P556] | 在馆 | |
| 2 | 226083 | 202260837 | 自科二线504/504自科库 42排2列6层/ [索取号:TS202.3/P556] | 在馆 | |
| 3 | 226084 | 202260846 | 自科二线504/504自科库 42排2列6层/ [索取号:TS202.3/P556] | 在馆 |